Turkey : export promotion center of Turkey.
| Corporate Author: | |
|---|---|
| Format: | Book |
| Published: |
Ankara:
iGEME,
2004.
|
| Subjects: |
| LEADER | 00444cam a2200145 7i4500 | ||
|---|---|---|---|
| 001 | 0000026616 | ||
| 005 | 20110817090000.0 | ||
| 090 | 0 | 0 | |a TUR 338.9561 |b TUR |
| 110 | 2 | 0 | |a iGEME-Export Promotion Center of Turkey |
| 245 | 0 | 0 | |a Turkey : |b export promotion center of Turkey. |
| 260 | 0 | 0 | |a Ankara: |b iGEME, |c 2004. |
| 300 | # | # | |a 176p. |
| 650 | 0 | 0 | |a Foreign trade promotion -- |z Turkey |
| 651 | 0 | 0 | |a Turkey |
| 999 | |a 0000016912 |b Book |c Countries |e Business Information Centre | ||